Grootste 5 landen per continent - Statistieken

Algemene statistieken
  • Deze quiz is 31 keer genomen
  • De gemiddelde score is 24 van 30
Antwoordstatistieken
Oppervlakte Land % Correct
9.596.961 km² China
100%
551.500 km² Frankrijk
96%
3.287.263 km² India
96%
13.138.246 km² Rusland (Aziatische deel)
96%
3.960.000 km² Rusland (Europese deel)
96%
7.692.024 km² Australië
91%
9.984.670 km² Canada
91%
505.992 km² Spanje
91%
9.826.675 km² Verenigde Staten
91%
450.295 km² Zweden
91%
2.780.400 km² Argentinië
87%
8.514.877 km² Brazilië
87%
1.964.375 km² Mexico
87%
603.500 km² Oekraïne
87%
2.381.741 km² Algerije
83%
1.141.748 km² Colombia
83%
275.042 km² Nieuw-Zeeland
83%
1.285.216 km² Peru
83%
2.724.900 km² Kazachstan
78%
1.098.581 km² Bolivia
74%
1.759.540 km² Libië
74%
130.373 km² Nicaragua
74%
2.206.714 km² Saoedi-Arabië
74%
1.861.484 km² Soedan
74%
112.492 km² Honduras
70%
462.840 km² Papoea-Nieuw-Guinea
70%
18.272 km² Fiji
65%
1.284.000 km² Tsjaad
61%
28.896 km² Salomonseilanden
57%
2.344.858 km² DR Congo
26%
Geen overeenkomende quizzen gevonden
Scoreverdeling
Procent van Mensen met Elke Score
Percentiel versus Aantal Correcte Antwoorden
Uw Scoregeschiedenis
U heeft deze quiz nog niet genomen